000 01012nam a22002657a 4500
005 20150710161427.0
008 141015s2010 ck r 00010 spa d
020 _a9789589986516
040 _aCo-BoIAvH
_cCo-BoIAvH
_dCo-BoIAvH
041 _aspa
044 _ack
082 0 4 _a354.56
_bS11s
245 1 3 _aSabana inundable y ganadería, opción productiva de conservación en la Orinoquía.
260 _aBogotá:
_bGEF,
_bPNUD,
_c2014.
300 _a230 p.
490 _aConservación de la biodiversidad en predios productivos
_v3
650 4 _aGanadería
_z Orinoquía (Región, Colombia)
650 4 _aSabanas inundables
_z Orinoquía (Región, Colombia)
650 4 _aReservas ecológicas
_z Orinoquía (Región, Colombia)
650 4 _aEcosistemas
_z Orinoquía (Región, Colombia)
650 4 _aBiodiversidad
_y Orinoquía (Región, Colombia)
700 1 _aPeñuela-Recio, Lourdes
_eeditora
700 1 _aSolano, Clara
_eeditora
942 _2ddc
_cLIBRO
999 _c17579
_d17579